Trade of Japan seeking harmony and development of the world economy
Đã lưu trong:
| 格式: | 圖書 |
|---|---|
| 語言: | Undetermined |
| 出版: |
Japan
Ministry of International Trade and Industry
1973
|
| 主題: | |
| 標簽: |
添加標簽
沒有標簽, 成為第一個標記此記錄!
|
| Thư viện lưu trữ: | Trung tâm Học liệu Trường Đại học Cần Thơ |
|---|
| LEADER | 00505nam a2200169Ia 4500 | ||
|---|---|---|---|
| 001 | CTU_97430 | ||
| 008 | 210402s9999 xx 000 0 und d | ||
| 082 | |a 382 | ||
| 082 | |b T763 | ||
| 245 | 0 | |a Trade of Japan seeking harmony and development of the world economy | |
| 260 | |a Japan | ||
| 260 | |b Ministry of International Trade and Industry | ||
| 260 | |c 1973 | ||
| 650 | |a Japan,Japan | ||
| 650 | |x Commerce,Manufactures | ||
| 904 | |i Tuyến | ||
| 980 | |a Trung tâm Học liệu Trường Đại học Cần Thơ | ||